<?xml version="1.0" encoding="UTF-8"?>
<collection xmlns="http://www.loc.gov/MARC21/slim">
 <record>
  <leader>01142nam a2200157Ia 4500</leader>
  <controlfield tag="001">CTU_153575</controlfield>
  <controlfield tag="008">210402s9999    xx            000 0 und d</controlfield>
  <datafield tag="082" ind1=" " ind2=" ">
   <subfield code="a">335.43</subfield>
  </datafield>
  <datafield tag="082" ind1=" " ind2=" ">
   <subfield code="b">Gi462</subfield>
  </datafield>
  <datafield tag="245" ind1=" " ind2="0">
   <subfield code="a">Giới thiệu tác phẩm &quot;Hai sách lược của Đảng dân chủ xã hội trong cách mạng dân chủ&quot;</subfield>
  </datafield>
  <datafield tag="260" ind1=" " ind2=" ">
   <subfield code="a">[Hà Nội]</subfield>
  </datafield>
  <datafield tag="520" ind1=" " ind2=" ">
   <subfield code="a">Tài liệu nghiên cứu sâu sắc và luận chứng toàn diện chiến lược và sách lược của những người Bôn-sê-vích trong thời kỳ Cách mạng Nga lần thứ nhất. Tài liệu đã đưa ra những luận điểm cơ bản về sách lược cách mạng của Đảng Cộng sản, qua đó tháng 10/1917 giai cấp công nhân liên minh với giai cấp nông dân nghèo đã chiến thắng chủ nghĩa tư bản và thiết lập nền chuyên chính vô sản.</subfield>
  </datafield>
  <datafield tag="650" ind1=" " ind2=" ">
   <subfield code="a">Communist parties,Communism,Communism and philosophy</subfield>
  </datafield>
  <datafield tag="650" ind1=" " ind2=" ">
   <subfield code="z">Russia</subfield>
  </datafield>
  <datafield tag="904" ind1=" " ind2=" ">
   <subfield code="i">Bạch Trúc</subfield>
  </datafield>
  <datafield tag="980" ind1=" " ind2=" ">
   <subfield code="a">Trung tâm Học liệu Trường Đại học Cần Thơ</subfield>
  </datafield>
 </record>
</collection>
